000 00263nam a2200109Ia 4500
008 190216s9999||||xx |||||||||||||| ||und||
100 _aVivek Thani
245 0 _aSkill And Techniques Cricket
260 _bSports Publication
650 _aReferences
942 _cREF
999 _c35977
_d35977